| 000 | 01218cab a2200265 4500 | ||
|---|---|---|---|
| 001 | ABS67606 | ||
| 008 | 040316n2004 000 0 eng u | ||
| 035 | _a(Sirsi) u125437 | ||
| 245 | _aSheds supplement | ||
| 260 | _c2004 | ||
| 490 |
_aProperty Week _v69(9) 27 February 2004 (58) (LOAN) |
||
| 520 | _a"Employment: force for change" examines the employment needs of distribution companies and the problem of labour shortage in many key logistics locations. "Profile: all eyes on Trafford" outlines an interview with the directors of Burford, following its purchase of Green Property's UK portfolio. "Occupiers: developers beware" discusses how occupiers are bypassing the usual design and build route by cutting out developers and building their own sheds. The concluding article "Regional round-up" provides a regional round-up of the sheds market. | ||
| 590 | _aABS | ||
| 650 | _aSHEDS | ||
| 650 | _aOCCUPIERS | ||
| 650 | _aDISTRIBUTION MARKET | ||
| 650 | _aLABOUR SHORTAGE | ||
| 650 | _aEMPLOYMENT | ||
| 650 | _aDEVELOPERS | ||
| 650 | _aLOGISTICS | ||
| 650 | _aDESIGN AND BUILD | ||
| 650 | _aINDUSTRIAL MARKET | ||
| 690 | _aPROPERTY-COMMERCIAL PROPERTY-COMMERCIAL PROPERTY MARKET | ||
| 942 | _n0 | ||
| 999 |
_c74273 _d74273 |
||